[Event "Piestany Slovakia op"]
[Site "Piestany"]
[Date "2021.07.15"]
[Round "6"]
[White "Koloditsova, Renata"]
[Black "Madar, Martin"]
[Result "1-0"]
[WhiteElo "1956"]
[BlackElo "2047"]
[PlyCount "53"]
[EventDate "2021.07.10"]
[EventType "swiss"]
[EventRounds "9"]
[EventCountry "SVK"]
[SourceTitle "CBM 203 Extra"]
[Source "ChessBase"]
[SourceDate "2021.09.30"]
[SourceVersion "1"]
[SourceVersionDate "2021.09.30"]
[SourceQuality "1"]

1. d4 Nf6 2. c4 g6 3. Nc3 Bg7 4. e4 d6 5. Be2 0-0 6. Bg5 h6 7. Bf4 Nbd7 8. Qd2 Kh7 9. Nf3 Nh5 10. Be3 e5 11. g4 Nhf6 12. g5 exd4 13. Nxd4 Ng8 14. gxh6 Bxh6 15. h4 Ne5 16. 0-0-0 Bg4 17. Bg5 Qd7 18. h5 gxh5 19. f3 c5 20. fxg4 cxd4 21. Nd5 d3 22. Rxh5 dxe2 23. Nf6+ Nxf6 24. Rxh6+ Kg8 25. Bxf6 exd1Q+ 26. Qxd1 Ng6 27. Qh1 1-0

[Event "Piestany Slovakia op"]
[Site "Piestany"]
[Date "2021.07.12"]
[Round "3"]
[White "Madar, Martin"]
[Black "Mrva, Martin"]
[Result "1/2-1/2"]
[WhiteElo "2047"]
[BlackElo "2379"]
[PlyCount "64"]
[EventDate "2021.07.10"]
[EventType "swiss"]
[EventRounds "9"]
[EventCountry "SVK"]
[SourceTitle "CBM 203 Extra"]
[Source "ChessBase"]
[SourceDate "2021.09.30"]
[SourceVersion "1"]
[SourceVersionDate "2021.09.30"]
[SourceQuality "1"]

1. e4 d6 2. d4 a6 3. a4 Nf6 4. Nc3 e5 5. Nf3 Nc6 6. h3 Be7 7. Be3 0-0 8. d5 Nb8 9. Bc4 b6 10. 0-0 Nbd7 11. Nd2 g6 12. Ne2 Nc5 13. Ng3 Bd7 14. b3 c6 15. b4 Nxa4 16. Rxa4 b5 17. Ra5 bxc4 18. Nxc4 cxd5 19. exd5 Rb8 20. Na3 Qc8 21. Qd3 Rxb4 22. Rxa6 e4 23. Qe2 Nxd5 24. Bd2 Nc3 25. Bxc3 Qxc3 26. Nxe4 Qc7 27. c3 Ra4 28. Rxa4 Bxa4 29. Nb5 Qb6 30. c4 Bxb5 31. cxb5 Rc8 32. Rd1 Kf8 1/2-1/2

[Event "SVK-chT2C 1920"]
[Site "Slovakia"]
[Date "2020.03.07"]
[Round "10.3"]
[White "Sankova, Stella"]
[Black "Madar, Martin"]
[Result "1/2-1/2"]
[WhiteElo "1982"]
[BlackElo "2032"]
[PlyCount "24"]
[EventDate "2019.10.26"]
[EventType "team-tourn"]
[EventRounds "11"]
[EventCountry "SVK"]
[SourceTitle "CBM 195 Extra"]
[Source "ChessBase"]
[SourceDate "2020.05.31"]
[SourceVersion "1"]
[SourceVersionDate "2020.05.31"]
[SourceQuality "1"]
[WhiteTeam "Zvolen Slavia"]
[BlackTeam "Ondrasova Krivan"]
[WhiteTeamCountry "SVK"]
[BlackTeamCountry "SVK"]

1. e4 d5 2. exd5 Nf6 3. d4 Nxd5 4. Nf3 g6 5. c4 Nb6 6. Nc3 Bg7 7. h3 0-0 8. Be3 Nc6 9. Be2 e5 10. d5 Ne7 11. Qd2 Nf5 12. Bc5 Re8 1/2-1/2

[Event "SVK-chT2C 1920"]
[Site "Slovakia"]
[Date "2020.02.15"]
[Round "8.4"]
[White "Madar, Martin"]
[Black "Brhel, Jan"]
[Result "1/2-1/2"]
[WhiteElo "2032"]
[BlackElo "2025"]
[PlyCount "32"]
[EventDate "2019.10.26"]
[EventType "team-tourn"]
[EventRounds "11"]
[EventCountry "SVK"]
[SourceTitle "CBM 195 Extra"]
[Source "ChessBase"]
[SourceDate "2020.05.31"]
[SourceVersion "1"]
[SourceVersionDate "2020.05.31"]
[SourceQuality "1"]
[WhiteTeam "Ondrasova Krivan"]
[BlackTeam "Rajecke Teplice"]
[WhiteTeamCountry "SVK"]
[BlackTeamCountry "SVK"]

1. e4 e5 2. Nf3 Nc6 3. Nc3 Nf6 4. d4 exd4 5. Nd5 Nxe4 6. Qe2 f5 7. Ng5 d3 8. cxd3 Nd4 9. Qh5+ g6 10. Qh4 c6 11. dxe4 cxd5 12. exd5 Qa5+ 13. Kd1 Qxd5 14. Bc4 Qxc4 15. Re1+ Be7 16. Rxe7+ Kxe7 1/2-1/2

[Event "SVK-chT2A 1516"]
[Site "Slovakia"]
[Date "2015.12.05"]
[Round "5.2"]
[White "Madar, Martin"]
[Black "Sukuba, Zdeno"]
[Result "0-1"]
[WhiteElo "2110"]
[BlackElo "2130"]
[PlyCount "80"]
[EventDate "2015.10.17"]
[EventType "team-tourn"]
[EventRounds "11"]
[EventCountry "SVK"]
[SourceTitle "CBM 169 Extra"]
[Source "ChessBase"]
[SourceDate "2015.12.18"]
[SourceVersion "1"]
[SourceVersionDate "2015.12.18"]
[SourceQuality "1"]
[WhiteTeam "Pezinok"]
[BlackTeam "Krasnany"]
[WhiteTeamCountry "SVK"]
[BlackTeamCountry "SVK"]

1. e4 c6 2. d4 d5 3. e5 Bf5 4. h4 Na6 5. g4 Bd7 6. f4 e6 7. c4 h5 8. gxh5 dxc4 9. Bxc4 Nh6 10. Nc3 Qb6 11. Nf3 Nf5 12. a3 0-0-0 13. Na4 Qc7 14. Bxa6 Qa5+ 15. b4 Qxa6 16. Qc2 Be8 17. Bb2 Ne3 18. Qe2 Qxe2+ 19. Kxe2 Nd5 20. Bc1 Rxh5 21. Kd3 b6 22. Nc3 Kb7 23. Be3 Be7 24. Rag1 g6 25. Ng5 Nc7 26. Kc4 Ra8 27. Nce4 a5 28. Bd2 Rd8 29. Ng3 Rh8 30. bxa5 Nb5 31. Nf3 c5 32. Be3 Nxa3+ 33. Kc3 Bc6 34. a6+ Kxa6 35. Ra1 cxd4+ 36. Nxd4 Bxh1 37. Nxh1 Rxh4 38. Nf2 Kb7 39. Kb3 Bc5 40. Kc3 Bxd4+ 0-1

[Event "SVK-chT2A 1314"]
[Site "Slovakia"]
[Date "2014.02.23"]
[Round "9.2"]
[White "Madar, Martin"]
[Black "Zatko, Gregor"]
[Result "1-0"]
[WhiteElo "2135"]
[BlackElo "2188"]
[PlyCount "105"]
[EventDate "2013.10.19"]
[EventType "team-tourn"]
[EventRounds "11"]
[EventCountry "SVK"]
[SourceTitle "EXT 2015"]
[Source "ChessBase"]
[SourceDate "2014.11.20"]
[SourceVersion "1"]
[SourceVersionDate "2014.11.20"]
[SourceQuality "1"]
[WhiteTeam "Pezinok"]
[BlackTeam "Devinska Nova Ves II"]
[WhiteTeamCountry "SVK"]
[BlackTeamCountry "SVK"]

1. e4 e5 2. Nf3 Nc6 3. Nc3 g6 4. d4 exd4 5. Nxd4 Bg7 6. Be3 Nge7 7. Bc4 0-0 8. Qd2 Ne5 9. Be2 d5 10. Bh6 Bxh6 11. Qxh6 c5 12. Nb3 d4 13. 0-0-0 Be6 14. Nxc5 Bxa2 15. Nxa2 Qa5 16. Rxd4 Qxc5 17. Qe3 Rac8 18. Rd2 Qa5 19. Qa3 Qc7 20. Qd6 Qa5 21. Qa3 Qc7 22. Nc3 N5c6 23. Nd5 Qe5 24. f4 Qe6 25. Bc4 Nxd5 26. Bxd5 Qf6 27. g3 b5 28. e5 Qf5 29. Bxc6 Rxc6 30. Qd3 Qc8 31. Kb1 Qa6 32. Rhd1 Rfc8 33. Qb3 Rc4 34. Rd8+ Rxd8 35. Rxd8+ Kg7 36. Qa3 Qxa3 37. bxa3 Re4 38. Rd7 a5 39. Ra7 a4 40. Rb7 g5 41. Rxb5 gxf4 42. gxf4 Rxf4 43. Rb4 Rf5 44. Rxa4 Rxe5 45. Rd4 f5 46. a4 Kf6 47. Kb2 Rc5 48. c4 Ke5 49. Rd5+ Rxd5 50. cxd5 f4 51. Kc3 h5 52. Kd3 Kxd5 53. Ke2 1-0

[Event "SVK-chT2A 1314"]
[Site "Slovakia"]
[Date "2014.01.11"]
[Round "5.2"]
[White "Madar, Martin"]
[Black "Banas, Kamil"]
[Result "0-1"]
[WhiteElo "2135"]
[BlackElo "2221"]
[PlyCount "41"]
[EventDate "2013.10.19"]
[EventType "team-tourn"]
[EventRounds "11"]
[EventCountry "SVK"]
[SourceTitle "EXT 2015"]
[Source "ChessBase"]
[SourceDate "2014.11.20"]
[SourceVersion "1"]
[SourceVersionDate "2014.11.20"]
[SourceQuality "1"]
[WhiteTeam "Pezinok"]
[BlackTeam "Modra II"]
[WhiteTeamCountry "SVK"]
[BlackTeamCountry "SVK"]

1. e4 c5 2. d3 Nc6 3. Nf3 g6 4. g3 Bg7 5. Bg2 e5 6. 0-0 Nge7 7. Nbd2 0-0 8. a4 f5 9. c3 h6 10. Qb3+ Kh7 11. Re1 d6 12. Nf1 f4 13. h4 Ng8 14. Bd2 Qe7 15. Rad1 Rf7 16. Qc2 Be6 17. b4 cxb4 18. cxb4 fxg3 19. fxg3 Rxf3 20. Bg5 Rxf1+ 21. Rxf1 0-1

[Event "SVK-chT2A 10/11"]
[Site "Slovakia"]
[Date "2011.03.05"]
[Round "8.2"]
[White "Madar, Martin"]
[Black "Cajka, Tibor"]
[Result "0-1"]
[WhiteElo "2117"]
[BlackElo "2111"]
[PlyCount "130"]
[EventDate "2010.10.23"]
[EventType "team-tourn"]
[EventRounds "11"]
[EventCountry "SVK"]
[SourceTitle "EXT 2019"]
[Source "ChessBase"]
[SourceDate "2018.10.10"]
[SourceVersion "1"]
[SourceVersionDate "2018.10.10"]
[SourceQuality "1"]
[WhiteTeam "Bratislava Slavia STU"]
[BlackTeam "Osuske II"]
[WhiteTeamCountry "SVK"]
[BlackTeamCountry "SVK"]

1. e4 c5 2. c3 d5 3. exd5 Nf6 4. c4 e6 5. dxe6 Bxe6 6. Nf3 Nc6 7. Be2 Be7 8. 0-0 0-0 9. Nc3 Nd4 10. d3 Nxe2+ 11. Qxe2 Re8 12. Be3 Bg4 13. Rad1 Qb8 14. h3 Bh5 15. Ne4 Qc7 16. Ng3 Bg6 17. Nh4 Bd6 18. Ngf5 Be5 19. Nxg6 hxg6 20. Nh4 Nh5 21. Nf3 Bd4 22. Qd2 Ng3 23. Rfe1 Bxe3 24. fxe3 Rad8 25. b3 Nf5 26. d4 Re7 27. d5 Nd6 28. Qd3 Ne4 29. Nd2 Nxd2 30. Rxd2 Qe5 31. e4 Rd6 32. Rde2 Red7 33. a3 Rc7 34. b4 b6 35. b5 Re7 36. a4 Rf6 37. Rd1 Rd7 38. a5 Rf4 39. Rde1 Rf6 40. axb6 axb6 41. Ra2 Kh7 42. Rf1 Rxf1+ 43. Kxf1 Rd6 44. Kg1 Rf6 45. Rd2 Rd6 46. Rf2 Kg8 47. Ra2 Rf6 48. Rd2 Rd6 49. Ra2 Rf6 50. Qe3 Rf4 51. Ra8+ Kh7 52. Re8 Qa1+ 53. Kh2 Rf1 54. d6 Rh1+ 55. Kg3 Qd1 56. e5 g5 57. Qxg5 Qd3+ 58. Kh4 Qd4+ 59. Qg4 Qf2+ 60. g3 g6 61. d7 Qd2 62. Qxg6+ fxg6 63. d8Q Qh6+ 64. Kg4 Qxh3+ 65. Kg5 Qf5# 0-1

[Event "SVK-chT2C 0910"]
[Site "Slovakia"]
[Date "2010.02.06"]
[Round "8.1"]
[White "Madar, Martin"]
[Black "Puskar, Jan"]
[Result "0-1"]
[WhiteElo "2163"]
[BlackElo "2019"]
[PlyCount "84"]
[EventDate "2009.10.10"]
[EventType "team-tourn"]
[EventRounds "11"]
[EventCountry "SVK"]
[SourceTitle "EXT 2011"]
[Source "ChessBase"]
[SourceDate "2010.11.26"]
[SourceVersion "1"]
[SourceVersionDate "2010.11.26"]
[SourceQuality "1"]
[WhiteTeam "Liptov Chess School II"]
[BlackTeam "Banska Bystrica CVC"]
[WhiteTeamCountry "SVK"]
[BlackTeamCountry "SVK"]

1. e4 e5 2. Nf3 Nf6 3. Nc3 Nc6 4. d4 exd4 5. Nd5 Be7 6. Bf4 d6 7. Nxd4 0-0 8. Nb5 Nxd5 9. exd5 Ne5 10. Nc3 Bf5 11. Be2 Bf6 12. g4 Bd7 13. Qd2 Nxg4 14. h3 Ne5 15. 0-0-0 Bf5 16. Rdg1 Re8 17. h4 Bxh4 18. Rh2 Ng6 19. Be3 Bf6 20. Nb5 Qe7 21. Nd4 Bxd4 22. Qxd4 Qe5 23. Qxe5 Rxe5 24. c4 b6 25. Kd2 Rae8 26. Bd1 a5 27. Rg3 Bd7 28. Bc2 R5e7 29. f4 f5 30. Rh5 Rf7 31. Rgh3 Nf8 32. Bd4 Ree7 33. Rg5 Ng6 34. Be3 Bc8 35. Rgh5 h6 36. Rg3 Kh7 37. Rgg5 Bd7 38. b3 Nf8 39. Bxf5+ Bxf5 40. Rxf5 Rxf5 41. Rxf5 Nd7 42. Bd4 g6 0-1

[Event "SVK-chT1E 0910"]
[Site "Slovakia"]
[Date "2010.01.16"]
[Round "6.2"]
[White "Madar, Martin"]
[Black "Vrbova, Niki"]
[Result "0-1"]
[WhiteElo "2163"]
[BlackElo "2159"]
[PlyCount "76"]
[EventDate "2009.10.17"]
[EventType "team"]
[EventRounds "11"]
[EventCountry "SVK"]
[SourceTitle "EXT 2011"]
[Source "ChessBase"]
[SourceDate "2010.11.26"]
[SourceVersion "1"]
[SourceVersionDate "2010.11.26"]
[SourceQuality "1"]
[WhiteTeam "Liptov"]
[BlackTeam "Sabinov"]
[WhiteTeamCountry "SVK"]
[BlackTeamCountry "SVK"]

1. e4 d5 2. exd5 Nf6 3. d4 Nxd5 4. c4 Nb6 5. Nf3 g6 6. Nc3 Bg7 7. c5 Nd5 8. Bc4 Nxc3 9. bxc3 0-0 10. 0-0 Nc6 11. Bg5 Na5 12. Bd3 Re8 13. Re1 Be6 14. Qe2 c6 15. h4 Bf6 16. Ne5 Kg7 17. Qe3 Qc8 18. Bh6+ Kg8 19. h5 Bf5 20. hxg6 hxg6 21. Bxf5 Qxf5 22. g4 Qe6 23. Qf4 Bxe5 24. Rxe5 Qf6 25. Qe4 Qh4 26. Bg5 Qh3 27. Rxe7 Rxe7 28. Bxe7 Re8 29. Re1 Nc4 30. Qf4 Qxc3 31. Re4 Nd2 32. Re3 Qc1+ 33. Kg2 Nc4 34. Qg5 Nxe3+ 35. fxe3 Qc2+ 36. Kf1 Qe4 37. Bf6 Qxe3 38. Qh4 Qe2+ 0-1

[Event "SVK-chT2C 0910"]
[Site "Slovakia"]
[Date "2009.11.08"]
[Round "4.1"]
[White "Straka, Jozef1111"]
[Black "Madar, Martin"]
[Result "1/2-1/2"]
[WhiteElo "2221"]
[BlackElo "2163"]
[PlyCount "40"]
[EventDate "2009.10.10"]
[EventType "team-tourn"]
[EventRounds "11"]
[EventCountry "SVK"]
[SourceTitle "EXT 2011"]
[Source "ChessBase"]
[SourceDate "2010.11.26"]
[SourceVersion "1"]
[SourceVersionDate "2010.11.26"]
[SourceQuality "1"]
[WhiteTeam "Cadca II"]
[BlackTeam "Liptov Chess School II"]
[WhiteTeamCountry "SVK"]
[BlackTeamCountry "SVK"]

1. d4 d5 2. c4 c6 3. Nf3 Nf6 4. e3 Bf5 5. Nc3 e6 6. Bd3 Bxd3 7. Qxd3 Bd6 8. 0-0 0-0 9. e4 dxe4 10. Nxe4 Nxe4 11. Qxe4 Nd7 12. Bg5 Nf6 13. Qe2 h6 14. Bh4 Be7 15. Rad1 Qa5 16. a3 Rad8 17. Rfe1 Rfe8 18. Ne5 Nd7 19. Bg3 Nxe5 20. Bxe5 Bd6 1/2-1/2

[Event "SVK-chT2C 0910"]
[Site "Slovakia"]
[Date "2009.11.07"]
[Round "3.1"]
[White "Madar, Martin"]
[Black "Kantorik, Marian"]
[Result "0-1"]
[WhiteElo "2163"]
[BlackElo "2364"]
[PlyCount "80"]
[EventDate "2009.10.10"]
[EventType "team-tourn"]
[EventRounds "11"]
[EventCountry "SVK"]
[SourceTitle "EXT 2011"]
[Source "ChessBase"]
[SourceDate "2010.11.26"]
[SourceVersion "1"]
[SourceVersionDate "2010.11.26"]
[SourceQuality "1"]
[WhiteTeam "Liptov Chess School II"]
[BlackTeam "Kysucke Nove Mesto"]
[WhiteTeamCountry "SVK"]
[BlackTeamCountry "SVK"]

1. e4 e5 2. Nf3 Nc6 3. Nc3 Nf6 4. d4 exd4 5. Nd5 Nxe4 6. Qe2 f5 7. Ng5 d3 8. cxd3 Nd4 9. Qh5+ g6 10. Qh4 c6 11. dxe4 cxd5 12. exd5 Bg7 13. Kd1 h6 14. Nf3 Qxh4 15. Nxh4 Kf7 16. Bd3 b6 17. Bd2 Bb7 18. d6 Rac8 19. Rc1 g5 20. Nxf5 Nxf5 21. Bxf5 Bxg2 22. Rxc8 Rxc8 23. Rg1 Bf3+ 24. Ke1 Bxb2 25. Rg3 Bc6 26. f4 Re8+ 27. Kd1 Kf6 28. Bc2 g4 29. Bd3 Bf3+ 30. Kc2 Bd4 31. f5 h5 32. h4 Bf2 33. Bc3+ Kf7 34. Bc4+ Kf8 35. Bd2 Rc8 36. Bh6+ Ke8 37. Rxf3 gxf3 38. Kb3 Rxc4 39. Kxc4 Bxh4 40. Kd3 Kf7 0-1